=LDR 00000nam 2200000 4500 =001 INLIS000000000027499 =005 20130612125854 =008 ***********************************ind** =035 ##$$0010-061300000027499 =041 ##$$a ind =082 ##$$a F Rom D =090 ##$$a F Rom D, Gun b =100 ##$$a Gunawan =245 ##$$a Bidadari tak secantik senyummu, Gunawan,kusumastuti =260 ##$$a Smart media $b Solo =300 ##$$a 165 hlm, 17 cm =650 ##$$a Fiksi dewasa =700 ##$$a Kusumastuti =850 ##$$a NBPNMAT